Statistics for Ace Attorney Defendants

Click here to take the quiz!

General Stats

  • This quiz has been taken 85 times
  • The average score is 18 of 28

Answer Stats

Case where you defended themAnswer% Correct
Turnabout GoodbyesMiles Edgeworth
100%
The First TurnaboutLarry Butz
98%
Sisters, Reunion, Bridge, and The RiteMaya Fey
96%
Rise from the AshesLana Skye
94%
Turnabout SamuraiWill Powers
92%
Memories and TrumpPhoenix Wright
91%
Farewell, My TurnaboutMatt Engarde
81%
Forgotten and Recipe TurnaboutMaggey Byrde
79%
Turnabout Big TopMax Galactica
77%
Bridge to the TurnaboutIris Hawthorne
72%
The Stolen TurnaboutRon DeLite
72%
Turnabout for TomorrowAthena Cykes
68%
Turnabout BeginningsTerry Fawles
68%
Turnabout SuccessionVera Misham
64%
Countdown and AcademyJuniper Woods
62%
Turnabout CornerWocky Kitaki
60%
The Magical TurnaboutTrucy Wright
57%
Turnabout for TomorrowSimon Blackquill
55%
Turnabout SerenadeMachi Tobaye
53%
Also Turnabout SuccessionZak Gramarye
53%
The Cosmic TurnaboutSolomon Starbuck
47%
Monstrous TurnaboutDamian Tenma
42%
The Foreign TurnaboutAhlbi Ur'gaid
40%
Turnabout ReclaimedOrla
40%
Turnabout StorytellerBucky Whet
38%
Turnabout ReclaimedSasha Buckler
36%
Turnabout RevolutionDhurke Sahdmadhi
34%
Turnabout Time TravelerEllen Wyatt
30%

Score Distribution

Percentile by Number Answered

Percent of People with Each Score

Your Score History

You have not taken this quiz